[Event "Budapest Art Pub op 9th"]
[Site "Budapest"]
[Date "2015.11.20"]
[Round "1"]
[White "Papp, Andrea"]
[Black "Persanyi, Barnabas"]
[Result "0-1"]
[WhiteElo "1568"]
[BlackElo "1968"]
[PlyCount "60"]
[EventDate "2015.11.20"]
[EventType "swiss"]
[EventRounds "6"]
[EventCountry "HUN"]
[SourceTitle "CBM 169 Extra"]
[Source "ChessBase"]
[SourceDate "2015.12.18"]
[SourceVersion "1"]
[SourceVersionDate "2015.12.18"]
[SourceQuality "1"]

1. d4 Nf6 2. Nf3 g6 3. Bf4 Bg7 4. e3 d6 5. h3 0-0 6. Bd3 Nbd7 7. 0-0 Qe8 8. Nbd2 e5 9. dxe5 dxe5 10. Nxe5 Nxe5 11. Nc4 Nxc4 12. Bxc4 Qc6 13. Qd3 Bf5 14. Qb3 Qb6 15. c3 Qxb3 16. axb3 c6 17. Rfd1 a6 18. g4 Be4 19. Bd6 Rfd8 20. Be7 Rxd1+ 21. Rxd1 Bd5 22. Bxf6 Bxc4 23. Bxg7 Bxb3 24. Rd7 Kxg7 25. Rxb7 Bd5 26. Rb6 a5 27. b3 a4 28. bxa4 Rxa4 29. Rb4 Rxb4 30. cxb4 Kf6 0-1

[Event "Budapest Spring op (Women)"]
[Site "Budapest"]
[Date "2015.04.11"]
[Round "5"]
[White "Majoros, Rozsa Evelin"]
[Black "Papp, Andrea"]
[Result "0-1"]
[WhiteElo "1689"]
[BlackElo "1528"]
[PlyCount "86"]
[EventDate "2015.04.07"]
[EventType "swiss"]
[EventRounds "9"]
[EventCountry "HUN"]
[SourceTitle "CBM 166 Extra"]
[Source "ChessBase"]
[SourceDate "2015.06.18"]
[SourceVersion "1"]
[SourceVersionDate "2015.06.18"]
[SourceQuality "1"]

1. d4 d6 2. Nf3 Nf6 3. c4 c6 4. Nc3 Qc7 5. e4 e5 6. d5 cxd5 7. cxd5 Be7 8. Bg5 0-0 9. Bd3 h6 10. Bh4 Bg4 11. Rc1 Rc8 12. 0-0 g5 13. Bg3 Nbd7 14. Be2 Qd8 15. Nd2 Bxe2 16. Qxe2 Nf8 17. Nc4 Ng6 18. Ne3 Bf8 19. Nb5 Nxe4 20. Rxc8 Qxc8 21. Nf5 Qxf5 22. Rc1 a6 23. Na3 Nf6 24. h3 Nxd5 25. Qd2 Qe6 26. Nc4 Rc8 27. Na5 Rxc1+ 28. Qxc1 b6 29. Nb3 Ngf4 30. Bxf4 Nxf4 31. Qe3 d5 32. Kh2 d4 33. Qd2 Qd5 34. f3 Bd6 35. Kh1 Nxh3 36. gxh3 Qxf3+ 37. Kg1 Qxh3 38. Qc2 Qe3+ 39. Kh1 e4 40. Qc8+ Kg7 41. Qd7 Qf4 42. Kg2 e3 43. Qc6 Qg3+ 0-1

[Event "Budapest Spring op (Women)"]
[Site "Budapest"]
[Date "2015.04.09"]
[Round "3"]
[White "Jurak, Miklosne"]
[Black "Papp, Andrea"]
[Result "1-0"]
[WhiteElo "1654"]
[BlackElo "1528"]
[PlyCount "77"]
[EventDate "2015.04.07"]
[EventType "swiss"]
[EventRounds "9"]
[EventCountry "HUN"]
[SourceTitle "CBM 166 Extra"]
[Source "ChessBase"]
[SourceDate "2015.06.18"]
[SourceVersion "1"]
[SourceVersionDate "2015.06.18"]
[SourceQuality "1"]

1. d4 d5 2. c4 Nf6 3. Nc3 e6 4. Bg5 Be7 5. Nf3 0-0 6. e3 h6 7. Bxf6 Bxf6 8. Qb3 c6 9. a4 b6 10. cxd5 cxd5 11. Bd3 Nc6 12. 0-0 Rb8 13. Rac1 Bd7 14. Ne2 Qe7 15. Bb5 Na5 16. Qd3 Rfc8 17. Bxd7 Qxd7 18. b4 Nc4 19. b5 Be7 20. Ne5 Nxe5 21. dxe5 Bc5 22. Rc4 Qc7 23. Rg4 Qxe5 24. Ng3 Rd8 25. Qd2 Rbc8 26. e4 dxe4 27. Qxh6 e3 28. Nh5 exf2+ 29. Kh1 Bd4 30. Rxg7+ Qxg7 31. Nxg7 Bxg7 32. Qf4 Rc2 33. g3 Rdd2 34. Kg2 Bd4 35. Qg4+ Kf8 36. h4 Be3 37. Qe4 Re2 38. h5 Re1 39. Qxc2 1-0

[Event "Budapest Art Pub Cup 6th"]
[Site "Budapest"]
[Date "2015.01.02"]
[Round "2"]
[White "Borhy, Marcell Boldizsar"]
[Black "Papp, Andrea"]
[Result "1-0"]
[WhiteElo "1736"]
[BlackElo "1516"]
[PlyCount "55"]
[EventDate "2015.01.02"]
[EventType "swiss"]
[EventRounds "6"]
[EventCountry "HUN"]
[SourceTitle "CBM 164 Extra"]
[Source "ChessBase"]
[SourceDate "2015.03.02"]
[SourceVersion "1"]
[SourceVersionDate "2015.03.02"]
[SourceQuality "1"]

1. d4 d5 2. c4 c6 3. Nf3 Bf5 4. Qb3 Qc7 5. Nc3 dxc4 6. Qxc4 e6 7. e4 Bg6 8. Bd3 Nd7 9. 0-0 Nb6 10. Qb3 Bh5 11. Ne5 Bd6 12. f4 Nf6 13. h3 Nfd7 14. Nxd7 Qxd7 15. Be3 e5 16. fxe5 Bxe5 17. d5 Qc7 18. dxc6 bxc6 19. Ne2 g5 20. Rf5 f6 21. Qe6+ Kd8 22. Rd1 Bf7 23. Bc4+ Nd5 24. Rxe5 Bxe6 25. Rxe6 Kd7 26. exd5 c5 27. Re7+ Kxe7 28. d6+ 1-0

[Event "Budapest Art Pub Cup 3rd"]
[Site "Budapest"]
[Date "2014.01.05"]
[Round "7"]
[White "Papp, Andrea"]
[Black "Karacsonyi, Kata"]
[Result "0-1"]
[WhiteElo "1571"]
[BlackElo "1325"]
[PlyCount "70"]
[EventDate "2014.01.02"]
[EventType "swiss"]
[EventRounds "7"]
[EventCountry "HUN"]
[SourceTitle "CBM 158 Extra"]
[Source "ChessBase"]
[SourceDate "2014.02.28"]
[SourceVersion "1"]
[SourceVersionDate "2014.02.28"]
[SourceQuality "1"]

1. e4 e5 2. Nf3 Nc6 3. Bb5 Nf6 4. d3 d6 5. h3 Bd7 6. Nc3 Be7 7. 0-0 0-0 8. a3 a6 9. Bc4 Be6 10. Nd5 h6 11. Nxe7+ Qxe7 12. Bxe6 fxe6 13. Be3 d5 14. exd5 exd5 15. Re1 Qd6 16. c3 Rae8 17. Qc2 Nd7 18. d4 e4 19. Nh2 Ne7 20. f3 Nf5 21. fxe4 dxe4 22. Nf1 Qg6 23. Bf2 Nf6 24. Ne3 Nxe3 25. Rxe3 Nh5 26. Rae1 Nf4 27. Rg3 Qf5 28. Be3 Nd3 29. Re2 Qf1+ 30. Kh2 Rf6 31. d5 Ref8 32. Bd4 R6f7 33. Rxe4 Nf2 34. Rg6 Qh1+ 35. Kg3 Rf3+ 0-1

[Event "Budapest Art Pub Cup 3rd"]
[Site "Budapest"]
[Date "2014.01.02"]
[Round "1"]
[White "Papp, Andrea"]
[Black "Juhasz, Bela"]
[Result "0-1"]
[WhiteElo "1571"]
[BlackElo "2115"]
[PlyCount "48"]
[EventDate "2014.01.02"]
[EventType "swiss"]
[EventRounds "7"]
[EventCountry "HUN"]
[SourceTitle "CBM 158 Extra"]
[Source "ChessBase"]
[SourceDate "2014.02.28"]
[SourceVersion "1"]
[SourceVersionDate "2014.02.28"]
[SourceQuality "1"]

1. e4 c5 2. Nf3 e6 3. d4 cxd4 4. Nxd4 a6 5. Nc3 Qc7 6. Be2 Nf6 7. a3 d6 8. Be3 Be7 9. 0-0 0-0 10. Qd3 Nbd7 11. Qc4 Qb8 12. b4 Ne5 13. Qb3 Bd7 14. Nf3 Ng6 15. Nd4 Rc8 16. Bd3 Qc7 17. Nce2 Ne5 18. Rac1 Nc4 19. Bxc4 Qxc4 20. Qd3 Rc7 21. Bd2 Rac8 22. Rfe1 h6 23. Ng3 Ba4 24. c3 Qxd3 0-1